000 00323nam a2200133Ia 4500
005 20260326100043.0
008 260326s9999||||xx |||||||||||||| ||und||
100 _aPile, John F
245 0 _aInterior Design /
_cJohn F Pile
260 _bHarry N. Abrams
300 _a606 p.
650 _aARQUITECTURA INTERIOR
942 _cBK
999 _c7095
_d7095